| 000 | 00589nam a2200241Ia 4500 | ||
|---|---|---|---|
| 001 | 1681 | ||
| 005 | 20240113233511.0 | ||
| 007 | ta | ||
| 008 | 050210s1930 g b000 u ben u | ||
| 040 | _aRef.Stack | ||
| 041 | _aben | ||
| 082 |
_a923 _bAd 41 Ma |
||
| 100 | _aAdhikari, Prabhat Ch. . | ||
| 245 | 0 |
_aMadhava Deva / _cPrabhat Ch.Adikari. _hTextual Documents |
|
| 260 |
_aAssam : _bP.C.Adhikari , _c1930. |
||
| 300 |
_a43p. ; _c18cm.. |
||
| 500 | _a211/Ref/Ass | ||
| 653 | _aBiography | ||
| 653 | _aRef-Assamese | ||
| 942 |
_2ddc _cBK |
||
| 999 |
_c1677 _d1677 |
||